000 00454nam a2200181 a 4500
001 12776
005 20180713201056.0
008 140415s1994 sp 000 0 spa d
041 _aspa
082 _a769.5
_bCOL
100 1 _aCOLYER, MARTIN
245 1 0 _aCOMO ENCARGAR ILUSTRACIONES
250 _a1a ed.
260 _aESPAÑA :
_bGUSTAVO GILI,
_c1994
300 _a144
490 _aMANUALES DE DISEÑO
650 1 4 _aDISEO GRAFICO
999 _c12776
_d12776